[Event "Rouen op 9th"]
[Site "Rouen"]
[Date "2016.12.19"]
[Round "5"]
[White "Leduc, Jean Philippe"]
[Black "Rocher, Elian"]
[Result "1-0"]
[WhiteElo "1850"]
[BlackElo "1450"]
[PlyCount "25"]
[EventDate "2016.12.17"]
[EventType "swiss"]
[EventRounds "7"]
[EventCountry "FRA"]
[SourceTitle "CBM 176 Extra"]
[Source "ChessBase"]
[SourceDate "2017.03.02"]
[SourceVersion "1"]
[SourceVersionDate "2017.03.02"]
[SourceQuality "1"]

1. e4 e5 2. d4 exd4 3. Bc4 Qf6 4. Nf3 Qd8 5. 0-0 Be7 6. Ne5 c5 7. Nxf7 Qc7 8. Nxh8 Nf6 9. Re1 d6 10. Bf4 Nc6 11. Nf7 b5 12. Bd5 Nxd5 13. exd5 1-0